000 00212 a2200097 4500
001 26602
100 _aMaugham S
245 _aSomerset Mangham summing up
260 _a
_bpan books
_c1976
090 _c17898
_d17898
942 _aNUST-CAE
_cM
_c8777
999 _c261675
_d261675